00827nam a22001937a 4500003000900000008004100009040007100050082001500121100003300136245006900169260001900238300006800257505020300325650001700528650001200545650001300557650002300570700004000593AR-CdUCM190325b ||||| |||| 00| 0 spa d aMUNICIPALIDAD PROVINCIAL DEL CUSCOcBIBLIOTECA MUNICIPAL DEL CUSCO a150 /bC24 aCamero Zubizarreta, Eddie F. aPsicología :bmecanismos superiores de la actividad cerebral / aCusco :c2015. a271 páginas ;bcuestionarios, retrato, ilustraciones,c20 cm. aContenido: Introducción a la psicología -- Orígen del psiquismo humano -- Teorías psicológicas -- Bases neurofisiológicas de la psicología -- Procesos cognoscitivos -- Percepción ... aPsicología aMemoria aLenguaje aProcesos conativos aPilares Estrada, Nivia M. (coautor)